000 00438nam a2200181Ia 4500
005 20250425162449.0
008 250425s9999 xx 000 0 und d
020 _a0800340709
041 _aeng
082 _a630.9162
245 0 _aAUTOMATION AND DATA PROCESSING IN AQUACULTURE
250 _aS.E.
260 _aEstados Unidos
_bPERGAMON PRESS
_c1987
260 _aVIRGINIA CITY
300 _a280
942 _c01
010 _a75755
999 _c229749
_d229749